| 000 | 00771mam a2200265 a 4500 | ||
|---|---|---|---|
| 001 | 1830348 | ||
| 003 | ARRUPE | ||
| 005 | 20141202143734.0 | ||
| 008 | 820727s1964 mau b 000 0 eng | ||
| 010 | _a 64013538 | ||
| 035 | _a(OCoLC)262120 | ||
| 035 | _a(OCoLC)ocm00262120 | ||
| 035 | _a(NNC)1830348 | ||
| 040 |
_aCtY-M _cCtY-m |
||
| 041 | 1 |
_aeng _hfre |
|
| 100 | 1 |
_aBachelard, Gaston, _d1884-1962. _912975 |
|
| 245 | 1 | 4 |
_aThe psychoanalysis of fire / _ctranslated by Alan C.M. Ross. |
| 260 |
_aBoston : _bBeacon Press, _c1964. |
||
| 300 |
_aviii, 115 p. ; _c24 cm. |
||
| 504 | _aBibliographical references included in "Footnotes": p. 113-115. | ||
| 650 | 0 |
_aPsychoanalysis. _912984 |
|
| 650 | 0 |
_aFire. _912985 |
|
| 942 |
_2lcc _cMONOGRAPH |
||
| 999 |
_c121363 _d121363 |
||